LIBRARY & INFORMATION CENTRE, KCAET, TAVANUR

ONLINE PUBLIC ACCESS CATALOGUE (OPAC)

Development and testing of a continuous power operated coconut husker (Record no. 14951)

MARC details
000 -LEADER
fixed length control field 00660nam a22001817a 4500
003 - CONTROL NUMBER IDENTIFIER
control field OSt
088 ## - REPORT NUMBER
Report number T 249
100 ## - MAIN ENTRY--AUTHOR NAME
Personal name ANU S. CHANDRAN
245 ## - TITLE STATEMENT
Title Development and testing of a continuous power operated coconut husker
260 ## - PUBLICATION, DISTRIBUTION, ETC. (IMPRINT)
Place of publication Tavanur 2012
Name of publisher Department of Farm Power Machinery and Energy
300 ## - PHYSICAL DESCRIPTION
Number of Pages 102
500 ## - GENERAL NOTE
General note Development and testing of a continuous power operated coconut husker
520 ## - SUMMARY, ETC.
Summary, etc Development and testing of a continuous power operated coconut husker
700 ## - ADDED ENTRY--PERSONAL NAME
Personal name Dr. Jayan P.R (Guide)
856 ## - ELECTRONIC LOCATION AND ACCESS
Uniform Resource Identifier https://drive.google.com/open?id=1C8TkavYsMeUielgtampA3_xcnS78rayt
942 ## - ADDED ENTRY ELEMENTS (KOHA)
Koha item type Theses
Holdings
Collection code Home library Current library Shelving location Full call number Accession Number Koha item type Public note
Reference KAUAET KAUAET Reference 631.3 CHA/DE T 249 Theses M.Tech Thesis
free website counter